000 01209nam a2200241Ii 4500
003 JO-AjNU
005 20240625105250.0
008 230605s9999||||xx |||||||||||||| ||und||
040 _aJO-AjNU
_bara
_erda
_cJO-AjNU
041 _aara
050 1 4 _aHF4679.2021
100 1 _aالقضاة، صهيب كمال
_eمعد
_965604
245 0 0 _aاثر انظمة المعلومات المحاسبية المحوسبة على الرقابة الداخلية في البنوك التجارية الاردنية = The Impact of Computerised Accounting Information Systems on Internal Control In Jordanian Commercial Banks /
_cاعداد صهيب كمال القضاة؛ اشراف ليث عبدالله العريان
264 3 1 _a 2021
300 _a96 ورقة
336 _atext
_btxt
_2rdacontent
337 _aunmediated
_bn
_2rdamedia
338 _avolume
_bnc
_2rdacarrier
500 _aرسالة جامعية(اطروحة ماجستير) تخصص المحاسبة/كلية ادارة الاعمال، جامعة عجلون الوطنية، 2021
650 4 _aانظمة المعلومات-المحاسبة
_962428
700 1 _aالعريان، ليث عبدالله
_965104
_eمشرف
942 _2lcc
_cTHS
999 _c31836
_d31836